<?xml version="1.0" encoding="UTF-8"?>
<record
    xmlns:xsi="http://www.w3.org/2001/XMLSchema-instance"
    xsi:schemaLocation="http://www.loc.gov/MARC21/slim http://www.loc.gov/standards/marcxml/schema/MARC21slim.xsd"
    xmlns="http://www.loc.gov/MARC21/slim">

  <leader>00948nas a2200265 454500</leader>
  <controlfield tag="001">24734</controlfield>
  <controlfield tag="005">20260407193506.0</controlfield>
  <controlfield tag="008">260407s1956####ag###########|||spa#d</controlfield>
  <controlfield tag="003">AR-UNSa-BCEJYS</controlfield>
  <datafield tag="040" ind1=" " ind2=" ">
    <subfield code="a">AR-UNSa-BCEJYS</subfield>
    <subfield code="b">spa</subfield>
    <subfield code="c">AR-UNSa-BCEJYS</subfield>
  </datafield>
  <datafield tag="080" ind1=" " ind2=" ">
    <subfield code="a">34</subfield>
    <subfield code="x">Derecho</subfield>
  </datafield>
  <datafield tag="245" ind1="1" ind2="0">
    <subfield code="a">Bolet&#xED;n de la Facultad de Derecho y Ciencias Sociales</subfield>
  </datafield>
  <datafield tag="022" ind1=" " ind2=" ">
    <subfield code="a">0325-0547</subfield>
  </datafield>
  <datafield tag="264" ind1=" " ind2="1">
    <subfield code="a">C&#xF3;rdoba :</subfield>
    <subfield code="b">Universidad Nacional de C&#xF3;rdoba</subfield>
    <subfield code="c">1956</subfield>
  </datafield>
  <datafield tag="310" ind1=" " ind2=" ">
    <subfield code="a">Frecuencia: Irregular
Cambia de Director a partir del A&#xF1;o XXIV, N&#xBA; 3/4 por Aldo J. Cima</subfield>
  </datafield>
  <datafield tag="942" ind1=" " ind2=" ">
    <subfield code="c">SER</subfield>
  </datafield>
  <datafield tag="590" ind1=" " ind2=" ">
    <subfield code="a">niveau_biblio:s niveau_hierar:1</subfield>
  </datafield>
  <datafield tag="100" ind1="1" ind2=" ">
    <subfield code="a">Universidad Nacional de C&#xF3;rdoba</subfield>
  </datafield>
  <datafield tag="700" ind1="1" ind2=" ">
    <subfield code="a">Vera Barros, Oscar N.</subfield>
  </datafield>
  <datafield tag="650" ind1=" " ind2=" ">
    <subfield code="a">Ciencias sociales</subfield>
  </datafield>
  <datafield tag="650" ind1=" " ind2=" ">
    <subfield code="a">Derecho</subfield>
  </datafield>
  <datafield tag="650" ind1=" " ind2=" ">
    <subfield code="a">Legislaci&#xF3;n</subfield>
  </datafield>
  <datafield tag="650" ind1=" " ind2=" ">
    <subfield code="a">DOCTRINA</subfield>
  </datafield>
  <datafield tag="856" ind1="4" ind2="1">
    <subfield code="u">https://biblioeco.unsa.edu.ar/pmb/images/revistas/Boletin de la Facultad de Derecho y C. Sociales(UNC).jpg</subfield>
    <subfield code="y">Imagen de portada</subfield>
    <subfield code="q">image/jpeg</subfield>
  </datafield>
  <datafield tag="999" ind1=" " ind2=" ">
    <subfield code="c">8580</subfield>
    <subfield code="d">8580</subfield>
  </datafield>
  <datafield tag="952" ind1=" " ind2=" ">
    <subfield code="0">0</subfield>
    <subfield code="1">0</subfield>
    <subfield code="4">0</subfield>
    <subfield code="7">0</subfield>
    <subfield code="a">BCEJYS</subfield>
    <subfield code="b">BCEJYS</subfield>
    <subfield code="c">17</subfield>
    <subfield code="d">1976-01-01</subfield>
    <subfield code="h">A&#xF1;o XL/XLI, N&#xBA; 1/2 - ene. 1976/dic. 1977</subfield>
    <subfield code="l">0</subfield>
    <subfield code="o">H34 BOL a40/41.n1/2</subfield>
    <subfield code="p">R12543</subfield>
    <subfield code="r">2026-04-10 16:08:22</subfield>
    <subfield code="w">2026-04-10</subfield>
    <subfield code="y">RN</subfield>
  </datafield>
  <datafield tag="952" ind1=" " ind2=" ">
    <subfield code="0">0</subfield>
    <subfield code="1">0</subfield>
    <subfield code="4">0</subfield>
    <subfield code="7">0</subfield>
    <subfield code="a">BCEJYS</subfield>
    <subfield code="b">BCEJYS</subfield>
    <subfield code="c">17</subfield>
    <subfield code="d">1975-01-01</subfield>
    <subfield code="h">A&#xF1;o XXXIX, N&#xBA; 1/3 - ene./jul. 1975</subfield>
    <subfield code="l">0</subfield>
    <subfield code="o">H34 BOL a39.n1/3</subfield>
    <subfield code="p">R11977</subfield>
    <subfield code="r">2026-04-10 16:08:22</subfield>
    <subfield code="w">2026-04-10</subfield>
    <subfield code="y">RN</subfield>
  </datafield>
  <datafield tag="952" ind1=" " ind2=" ">
    <subfield code="0">0</subfield>
    <subfield code="1">0</subfield>
    <subfield code="4">0</subfield>
    <subfield code="7">0</subfield>
    <subfield code="a">BCEJYS</subfield>
    <subfield code="b">BCEJYS</subfield>
    <subfield code="c">17</subfield>
    <subfield code="d">1974-01-01</subfield>
    <subfield code="h">A&#xF1;o XXXVIII, N&#xBA; 1/5 - ene./jun. 1974</subfield>
    <subfield code="l">0</subfield>
    <subfield code="o">H34 BOL a38.n1/5</subfield>
    <subfield code="p">R11976</subfield>
    <subfield code="r">2026-04-10 16:08:22</subfield>
    <subfield code="w">2026-04-10</subfield>
    <subfield code="y">RN</subfield>
  </datafield>
  <datafield tag="952" ind1=" " ind2=" ">
    <subfield code="0">0</subfield>
    <subfield code="1">0</subfield>
    <subfield code="4">0</subfield>
    <subfield code="7">0</subfield>
    <subfield code="a">BCEJYS</subfield>
    <subfield code="b">BCEJYS</subfield>
    <subfield code="c">17</subfield>
    <subfield code="d">1973-01-01</subfield>
    <subfield code="h">A&#xF1;o XXXVII, N&#xBA; 1/5 - ene./dic. 1973</subfield>
    <subfield code="l">0</subfield>
    <subfield code="o">H34 BOL a37.n1/5</subfield>
    <subfield code="p">R11975</subfield>
    <subfield code="r">2026-04-10 16:08:22</subfield>
    <subfield code="w">2026-04-10</subfield>
    <subfield code="y">RN</subfield>
  </datafield>
  <datafield tag="952" ind1=" " ind2=" ">
    <subfield code="0">0</subfield>
    <subfield code="1">0</subfield>
    <subfield code="4">0</subfield>
    <subfield code="7">0</subfield>
    <subfield code="a">BCEJYS</subfield>
    <subfield code="b">BCEJYS</subfield>
    <subfield code="c">17</subfield>
    <subfield code="d">1972-01-01</subfield>
    <subfield code="h">A&#xF1;o XXXVI, N&#xBA; 1/5 - ene./dic. 1972</subfield>
    <subfield code="l">0</subfield>
    <subfield code="o">H34 BOL a36.n1/5</subfield>
    <subfield code="p">R11974</subfield>
    <subfield code="r">2026-04-10 16:08:22</subfield>
    <subfield code="w">2026-04-10</subfield>
    <subfield code="y">RN</subfield>
  </datafield>
  <datafield tag="952" ind1=" " ind2=" ">
    <subfield code="0">0</subfield>
    <subfield code="1">0</subfield>
    <subfield code="4">0</subfield>
    <subfield code="7">0</subfield>
    <subfield code="a">BCEJYS</subfield>
    <subfield code="b">BCEJYS</subfield>
    <subfield code="c">17</subfield>
    <subfield code="d">1971-01-01</subfield>
    <subfield code="h">A&#xF1;o XXXV, N&#xBA; 1/5 - ene./dic. 1971</subfield>
    <subfield code="l">0</subfield>
    <subfield code="o">H34 BOL a35.n1/5</subfield>
    <subfield code="p">R11973</subfield>
    <subfield code="r">2026-04-10 16:08:22</subfield>
    <subfield code="w">2026-04-10</subfield>
    <subfield code="y">RN</subfield>
  </datafield>
  <datafield tag="952" ind1=" " ind2=" ">
    <subfield code="0">0</subfield>
    <subfield code="1">0</subfield>
    <subfield code="4">0</subfield>
    <subfield code="7">0</subfield>
    <subfield code="a">BCEJYS</subfield>
    <subfield code="b">BCEJYS</subfield>
    <subfield code="c">17</subfield>
    <subfield code="d">1970-01-01</subfield>
    <subfield code="h">A&#xF1;o XXXIV, N&#xBA; 1/5 - ene./dic. 1970</subfield>
    <subfield code="l">0</subfield>
    <subfield code="o">H34 BOL a34.n1/5</subfield>
    <subfield code="p">R11972</subfield>
    <subfield code="r">2026-04-10 16:08:22</subfield>
    <subfield code="w">2026-04-10</subfield>
    <subfield code="y">RN</subfield>
  </datafield>
  <datafield tag="952" ind1=" " ind2=" ">
    <subfield code="0">0</subfield>
    <subfield code="1">0</subfield>
    <subfield code="4">0</subfield>
    <subfield code="7">0</subfield>
    <subfield code="a">BCEJYS</subfield>
    <subfield code="b">BCEJYS</subfield>
    <subfield code="c">17</subfield>
    <subfield code="d">1969-01-01</subfield>
    <subfield code="h">A&#xF1;o XXXIII, N&#xBA; 1/5 - ene./dic. 1969</subfield>
    <subfield code="l">0</subfield>
    <subfield code="o">H34 BOL a33.n1/5</subfield>
    <subfield code="p">R11971</subfield>
    <subfield code="r">2026-04-10 16:08:22</subfield>
    <subfield code="w">2026-04-10</subfield>
    <subfield code="y">RN</subfield>
  </datafield>
  <datafield tag="952" ind1=" " ind2=" ">
    <subfield code="0">0</subfield>
    <subfield code="1">0</subfield>
    <subfield code="4">0</subfield>
    <subfield code="7">0</subfield>
    <subfield code="a">BCEJYS</subfield>
    <subfield code="b">BCEJYS</subfield>
    <subfield code="c">17</subfield>
    <subfield code="d">1968-10-01</subfield>
    <subfield code="h">A&#xF1;o XXXII, N&#xBA; 4/5 - oct./dic. 1968</subfield>
    <subfield code="l">0</subfield>
    <subfield code="o">H34 BOL a32.n4/5</subfield>
    <subfield code="p">R11970</subfield>
    <subfield code="r">2026-04-10 16:08:22</subfield>
    <subfield code="w">2026-04-10</subfield>
    <subfield code="y">RN</subfield>
  </datafield>
  <datafield tag="952" ind1=" " ind2=" ">
    <subfield code="0">0</subfield>
    <subfield code="1">0</subfield>
    <subfield code="4">0</subfield>
    <subfield code="7">0</subfield>
    <subfield code="a">BCEJYS</subfield>
    <subfield code="b">BCEJYS</subfield>
    <subfield code="c">17</subfield>
    <subfield code="d">1967-10-01</subfield>
    <subfield code="h">A&#xF1;o XXXI, N&#xBA; 4/5 - oct./dic. 1967</subfield>
    <subfield code="l">0</subfield>
    <subfield code="o">H34 BOL a31.n4/5</subfield>
    <subfield code="p">R11969</subfield>
    <subfield code="r">2026-04-10 16:08:22</subfield>
    <subfield code="w">2026-04-10</subfield>
    <subfield code="y">RN</subfield>
  </datafield>
  <datafield tag="952" ind1=" " ind2=" ">
    <subfield code="0">0</subfield>
    <subfield code="1">0</subfield>
    <subfield code="4">0</subfield>
    <subfield code="7">0</subfield>
    <subfield code="a">BCEJYS</subfield>
    <subfield code="b">BCEJYS</subfield>
    <subfield code="c">17</subfield>
    <subfield code="d">1966-11-01</subfield>
    <subfield code="h">A&#xF1;o XXX, N&#xBA; 4/5 - nov./dic. 1966</subfield>
    <subfield code="l">0</subfield>
    <subfield code="o">H34 BOL a30.n4/5</subfield>
    <subfield code="p">R11968</subfield>
    <subfield code="r">2026-04-10 16:08:22</subfield>
    <subfield code="w">2026-04-10</subfield>
    <subfield code="y">RN</subfield>
  </datafield>
  <datafield tag="952" ind1=" " ind2=" ">
    <subfield code="0">0</subfield>
    <subfield code="1">0</subfield>
    <subfield code="4">0</subfield>
    <subfield code="7">0</subfield>
    <subfield code="a">BCEJYS</subfield>
    <subfield code="b">BCEJYS</subfield>
    <subfield code="c">17</subfield>
    <subfield code="d">1966-01-01</subfield>
    <subfield code="h">A&#xF1;o XXX, N&#xBA; 1/3 - ene./oct. 1966</subfield>
    <subfield code="l">0</subfield>
    <subfield code="o">H34 BOL a30.n1/3</subfield>
    <subfield code="p">R11967</subfield>
    <subfield code="r">2026-04-10 16:08:22</subfield>
    <subfield code="w">2026-04-10</subfield>
    <subfield code="y">RN</subfield>
  </datafield>
  <datafield tag="952" ind1=" " ind2=" ">
    <subfield code="0">0</subfield>
    <subfield code="1">0</subfield>
    <subfield code="4">0</subfield>
    <subfield code="7">0</subfield>
    <subfield code="a">BCEJYS</subfield>
    <subfield code="b">BCEJYS</subfield>
    <subfield code="c">17</subfield>
    <subfield code="d">1965-10-01</subfield>
    <subfield code="h">A&#xF1;o XXIX, N&#xBA; 4 - oct./dic. 1965</subfield>
    <subfield code="l">0</subfield>
    <subfield code="o">H34 BOL a29.n4</subfield>
    <subfield code="p">R11966</subfield>
    <subfield code="r">2026-04-10 16:08:22</subfield>
    <subfield code="w">2026-04-10</subfield>
    <subfield code="y">RN</subfield>
  </datafield>
  <datafield tag="952" ind1=" " ind2=" ">
    <subfield code="0">0</subfield>
    <subfield code="1">0</subfield>
    <subfield code="4">0</subfield>
    <subfield code="7">0</subfield>
    <subfield code="a">BCEJYS</subfield>
    <subfield code="b">BCEJYS</subfield>
    <subfield code="c">17</subfield>
    <subfield code="d">1963-10-01</subfield>
    <subfield code="h">A&#xF1;o XXVII, N&#xBA; 4/5 - oct./dic. 1963</subfield>
    <subfield code="l">0</subfield>
    <subfield code="o">H34 BOL a27.n4/5</subfield>
    <subfield code="p">R11965</subfield>
    <subfield code="r">2026-04-10 16:08:22</subfield>
    <subfield code="w">2026-04-10</subfield>
    <subfield code="y">RN</subfield>
  </datafield>
  <datafield tag="952" ind1=" " ind2=" ">
    <subfield code="0">0</subfield>
    <subfield code="1">0</subfield>
    <subfield code="4">0</subfield>
    <subfield code="7">0</subfield>
    <subfield code="a">BCEJYS</subfield>
    <subfield code="b">BCEJYS</subfield>
    <subfield code="c">17</subfield>
    <subfield code="d">1962-11-01</subfield>
    <subfield code="h">A&#xF1;o XXVI, N&#xBA; 4 - nov./dic. 1962</subfield>
    <subfield code="l">0</subfield>
    <subfield code="o">H34 BOL a26.n4</subfield>
    <subfield code="p">R11994</subfield>
    <subfield code="r">2026-04-10 16:08:22</subfield>
    <subfield code="w">2026-04-10</subfield>
    <subfield code="y">RN</subfield>
  </datafield>
  <datafield tag="952" ind1=" " ind2=" ">
    <subfield code="0">0</subfield>
    <subfield code="1">0</subfield>
    <subfield code="4">0</subfield>
    <subfield code="7">0</subfield>
    <subfield code="a">BCEJYS</subfield>
    <subfield code="b">BCEJYS</subfield>
    <subfield code="c">17</subfield>
    <subfield code="d">1961-07-01</subfield>
    <subfield code="h">A&#xF1;o XXV, N&#xBA; 3/4 - jul./dic. 1961</subfield>
    <subfield code="l">0</subfield>
    <subfield code="o">H34 BOL a25.n3/4</subfield>
    <subfield code="p">R11964</subfield>
    <subfield code="r">2026-04-10 16:08:22</subfield>
    <subfield code="w">2026-04-10</subfield>
    <subfield code="y">RN</subfield>
  </datafield>
  <datafield tag="952" ind1=" " ind2=" ">
    <subfield code="0">0</subfield>
    <subfield code="1">0</subfield>
    <subfield code="4">0</subfield>
    <subfield code="7">0</subfield>
    <subfield code="a">BCEJYS</subfield>
    <subfield code="b">BCEJYS</subfield>
    <subfield code="c">17</subfield>
    <subfield code="d">1961-01-01</subfield>
    <subfield code="h">A&#xF1;o XXV, N&#xBA; 1/2 - ene./jun. 1961</subfield>
    <subfield code="l">0</subfield>
    <subfield code="o">H34 BOL a25.n1/2</subfield>
    <subfield code="p">R11963</subfield>
    <subfield code="r">2026-04-10 16:08:22</subfield>
    <subfield code="w">2026-04-10</subfield>
    <subfield code="y">RN</subfield>
  </datafield>
  <datafield tag="952" ind1=" " ind2=" ">
    <subfield code="0">0</subfield>
    <subfield code="1">0</subfield>
    <subfield code="4">0</subfield>
    <subfield code="7">0</subfield>
    <subfield code="a">BCEJYS</subfield>
    <subfield code="b">BCEJYS</subfield>
    <subfield code="c">17</subfield>
    <subfield code="d">1960-07-01</subfield>
    <subfield code="h">A&#xF1;o XXIV, N&#xBA; 3/4 - jul./dic. 1960</subfield>
    <subfield code="l">0</subfield>
    <subfield code="o">H34 BOL a24.n3/4</subfield>
    <subfield code="p">R11962</subfield>
    <subfield code="r">2026-04-10 16:08:22</subfield>
    <subfield code="w">2026-04-10</subfield>
    <subfield code="y">RN</subfield>
  </datafield>
  <datafield tag="952" ind1=" " ind2=" ">
    <subfield code="0">0</subfield>
    <subfield code="1">0</subfield>
    <subfield code="4">0</subfield>
    <subfield code="7">0</subfield>
    <subfield code="a">BCEJYS</subfield>
    <subfield code="b">BCEJYS</subfield>
    <subfield code="c">17</subfield>
    <subfield code="d">1960-01-01</subfield>
    <subfield code="h">A&#xF1;o XXIV, N&#xBA; 1/2 - ene./jun. 1960</subfield>
    <subfield code="l">0</subfield>
    <subfield code="o">H34 BOL a24.n1/2</subfield>
    <subfield code="p">R11961</subfield>
    <subfield code="r">2026-04-10 16:08:22</subfield>
    <subfield code="w">2026-04-10</subfield>
    <subfield code="y">RN</subfield>
  </datafield>
  <datafield tag="952" ind1=" " ind2=" ">
    <subfield code="0">0</subfield>
    <subfield code="1">0</subfield>
    <subfield code="4">0</subfield>
    <subfield code="7">0</subfield>
    <subfield code="a">BCEJYS</subfield>
    <subfield code="b">BCEJYS</subfield>
    <subfield code="c">17</subfield>
    <subfield code="d">1959-07-01</subfield>
    <subfield code="h">A&#xF1;o XXII, N&#xBA; 3/4 - jul./dic. 1959</subfield>
    <subfield code="l">0</subfield>
    <subfield code="o">H34 BOL a22.n3/4</subfield>
    <subfield code="p">R11960</subfield>
    <subfield code="r">2026-04-10 16:08:22</subfield>
    <subfield code="w">2026-04-10</subfield>
    <subfield code="y">RN</subfield>
  </datafield>
  <datafield tag="952" ind1=" " ind2=" ">
    <subfield code="0">0</subfield>
    <subfield code="1">0</subfield>
    <subfield code="4">0</subfield>
    <subfield code="7">0</subfield>
    <subfield code="a">BCEJYS</subfield>
    <subfield code="b">BCEJYS</subfield>
    <subfield code="c">17</subfield>
    <subfield code="d">1958-07-01</subfield>
    <subfield code="h">A&#xF1;o XXI, N&#xBA; 3/4 - jul./dic. 1958</subfield>
    <subfield code="l">0</subfield>
    <subfield code="o">H34 BOL a21.n3/4</subfield>
    <subfield code="p">R11959</subfield>
    <subfield code="r">2026-04-10 16:08:22</subfield>
    <subfield code="w">2026-04-10</subfield>
    <subfield code="y">RN</subfield>
  </datafield>
  <datafield tag="952" ind1=" " ind2=" ">
    <subfield code="0">0</subfield>
    <subfield code="1">0</subfield>
    <subfield code="4">0</subfield>
    <subfield code="7">0</subfield>
    <subfield code="a">BCEJYS</subfield>
    <subfield code="b">BCEJYS</subfield>
    <subfield code="c">17</subfield>
    <subfield code="d">1958-01-01</subfield>
    <subfield code="h">A&#xF1;o XXII, N&#xBA; 1/2 - ene./jun. 1958</subfield>
    <subfield code="l">0</subfield>
    <subfield code="o">H34 BOL a22.n1/2</subfield>
    <subfield code="p">R11958</subfield>
    <subfield code="r">2026-04-10 16:08:22</subfield>
    <subfield code="w">2026-04-10</subfield>
    <subfield code="y">RN</subfield>
  </datafield>
  <datafield tag="952" ind1=" " ind2=" ">
    <subfield code="0">0</subfield>
    <subfield code="1">0</subfield>
    <subfield code="4">0</subfield>
    <subfield code="7">0</subfield>
    <subfield code="a">BCEJYS</subfield>
    <subfield code="b">BCEJYS</subfield>
    <subfield code="c">17</subfield>
    <subfield code="d">1957-01-01</subfield>
    <subfield code="h">A&#xF1;o XXI, N&#xBA; 1/2 - ene./jun. 1957</subfield>
    <subfield code="l">0</subfield>
    <subfield code="o">H34 BOL a21.n1/2</subfield>
    <subfield code="p">R11957</subfield>
    <subfield code="r">2026-04-10 16:08:22</subfield>
    <subfield code="w">2026-04-10</subfield>
    <subfield code="y">RN</subfield>
  </datafield>
  <datafield tag="952" ind1=" " ind2=" ">
    <subfield code="0">0</subfield>
    <subfield code="1">0</subfield>
    <subfield code="4">0</subfield>
    <subfield code="7">0</subfield>
    <subfield code="a">BCEJYS</subfield>
    <subfield code="b">BCEJYS</subfield>
    <subfield code="c">17</subfield>
    <subfield code="d">1956-10-01</subfield>
    <subfield code="h">A&#xF1;o XX, N&#xBA; 4 - oct./dic. 1956</subfield>
    <subfield code="l">0</subfield>
    <subfield code="o">H34 BOL a20.n4</subfield>
    <subfield code="p">R11956</subfield>
    <subfield code="r">2026-04-10 16:08:22</subfield>
    <subfield code="w">2026-04-10</subfield>
    <subfield code="y">RN</subfield>
  </datafield>
  <datafield tag="952" ind1=" " ind2=" ">
    <subfield code="0">0</subfield>
    <subfield code="1">0</subfield>
    <subfield code="4">0</subfield>
    <subfield code="7">0</subfield>
    <subfield code="a">BCEJYS</subfield>
    <subfield code="b">BCEJYS</subfield>
    <subfield code="c">17</subfield>
    <subfield code="d">1956-07-01</subfield>
    <subfield code="h">A&#xF1;o XX, N&#xBA; 3 - jul./sep. 1956</subfield>
    <subfield code="l">0</subfield>
    <subfield code="o">H34 BOL a20.n3</subfield>
    <subfield code="p">R11955</subfield>
    <subfield code="r">2026-04-10 16:08:22</subfield>
    <subfield code="w">2026-04-10</subfield>
    <subfield code="y">RN</subfield>
  </datafield>
</record>
